<?xml version="1.0" encoding="UTF-8"?>
<record
    xmlns:xsi="http://www.w3.org/2001/XMLSchema-instance"
    xsi:schemaLocation="http://www.loc.gov/MARC21/slim http://www.loc.gov/standards/marcxml/schema/MARC21slim.xsd"
    xmlns="http://www.loc.gov/MARC21/slim">

  <leader>00977nam a22002417a 4500</leader>
  <datafield tag="999" ind1=" " ind2=" ">
    <subfield code="c">20505</subfield>
    <subfield code="d">20505</subfield>
  </datafield>
  <controlfield tag="005">20191017081007.0</controlfield>
  <controlfield tag="008">191017b        xxu||||| |||| 00| 0 spa d</controlfield>
  <datafield tag="040" ind1=" " ind2=" ">
    <subfield code="a">CO-BoIAVH </subfield>
    <subfield code="c">CO-BoIAVH </subfield>
  </datafield>
  <datafield tag="041" ind1=" " ind2=" ">
    <subfield code="a">spa</subfield>
  </datafield>
  <datafield tag="044" ind1=" " ind2=" ">
    <subfield code="a">ck</subfield>
  </datafield>
  <datafield tag="082" ind1=" " ind2=" ">
    <subfield code="a">333.91814</subfield>
    <subfield code="b">C81n</subfield>
  </datafield>
  <datafield tag="110" ind1=" " ind2=" ">
    <subfield code="a">Corporaci&#xF3;n para el Desarrollo Sostenible de La Mojana y El San Jorge - CORPOMOJANA</subfield>
  </datafield>
  <datafield tag="245" ind1=" " ind2=" ">
    <subfield code="a">Niveles de mercurio en agua, sedimento y tejido vivo(humanos, peces, macrofitas acu&#xE1;ticas y arroz) en los humedales de la mojana sucre&#xF1;a</subfield>
  </datafield>
  <datafield tag="260" ind1=" " ind2=" ">
    <subfield code="a">Sucre:</subfield>
    <subfield code="b">Ministerio de ambiente,</subfield>
    <subfield code="c">2017.</subfield>
  </datafield>
  <datafield tag="300" ind1=" " ind2=" ">
    <subfield code="a">21 P&#xE1;ginas:</subfield>
    <subfield code="b">fotograf&#xED;as y tablas,</subfield>
    <subfield code="c">27 x 21 cm.</subfield>
  </datafield>
  <datafield tag="500" ind1=" " ind2=" ">
    <subfield code="a">Incluye anexos.</subfield>
  </datafield>
  <datafield tag="650" ind1=" " ind2="0">
    <subfield code="a">Humedales</subfield>
    <subfield code="z">Regi&#xF3;n Caribe (Colombia)</subfield>
  </datafield>
  <datafield tag="650" ind1=" " ind2="0">
    <subfield code="a">Estudios de impacto ambiental</subfield>
  </datafield>
  <datafield tag="650" ind1=" " ind2="0">
    <subfield code="a">Investigaci&#xF3;n cient&#xED;fica</subfield>
  </datafield>
  <datafield tag="651" ind1=" " ind2="0">
    <subfield code="a">Mojana</subfield>
    <subfield code="z">Subregi&#xF3;n de La Mojana (Dpt).Sucre)</subfield>
  </datafield>
  <datafield tag="710" ind1=" " ind2=" ">
    <subfield code="a">Colombia</subfield>
    <subfield code="b">Universidad de C&#xF3;rdoba</subfield>
  </datafield>
  <datafield tag="942" ind1=" " ind2=" ">
    <subfield code="2">ddc</subfield>
    <subfield code="c">LIBRO</subfield>
  </datafield>
  <datafield tag="952" ind1=" " ind2=" ">
    <subfield code="0">0</subfield>
    <subfield code="1">0</subfield>
    <subfield code="2">ddc</subfield>
    <subfield code="4">0</subfield>
    <subfield code="7">0</subfield>
    <subfield code="8">GENERAL</subfield>
    <subfield code="a">Bogota</subfield>
    <subfield code="b">Bogota</subfield>
    <subfield code="d">2019-10-17</subfield>
    <subfield code="l">0</subfield>
    <subfield code="o">LB-333.91814 C81n</subfield>
    <subfield code="p">043607</subfield>
    <subfield code="r">2019-10-17 00:00:00</subfield>
    <subfield code="t">Ej.1</subfield>
    <subfield code="w">2019-10-17</subfield>
    <subfield code="x">Canje</subfield>
    <subfield code="y">LIBRO</subfield>
  </datafield>
</record>
